000 00670nam a22001937a 4500
003 OSt
005 20251205045904.0
008 251205b |||||||| |||| 00| 0 eng d
020 _a978-971-0459-742
040 _aDWC-Main lib.
_cOC
082 _aFil. 305.231 P397u 2012
100 _aPenetrante, Marylendra A.
245 _aUnderstanding children and teens:
_ba work text on child and adolescent development/
_cMarylendra A. Penetrante
260 _aQuezon City :
_bWisemans Books trading,
_cc2021.
300 _avii, 86 pages :
_billustrations ;
_c22cm.
650 _a1. Chinese language.
650 _a2. Chinese language- slang.
942 _2ddc
_cBK - FIL
_kFil.
_n0
999 _c6934
_d6934